Australia States and Territories by Abbreviation - Statistics

General Stats
  • This quiz has been taken 15,361 times
  • The average score is 6 of 8
Answers on the Map
Answers color-coded by a green-red scale on the quiz's map according to % correct below.
 
Answer Stats
Abbv State or Territory % Correct
NSW New South Wales
92%
WA Western Australia
85%
NT Northern Territory
79%
TAS Tasmania
79%
SA South Australia
77%
VIC Victoria
73%
QLD Queensland
63%
ACT Australian Capital Territory
54%
No matching quizzes found
Score Distribution
Percent of People with Each Score
Percentile by Number Answered
Your Score History
You have not taken this quiz